Sociálne zabezpečenie v Európskej únii Fínsko

Rozvinutý drevársky priemysel vo Fínsku a s tým súvisiaca existencia priemyselného úrazového poistenia už od roku 1895. Systém rodinných prídavkov zavedený v roku 1948. Uskutočnenie národnej dôchodkovej reformy v roku 1956. Ekonomický rast Fínska v 80. rokoch 20. storočia. Poskytovanie národného (št...

Full description

Saved in:
Bibliographic Details
Main Author: Neviďanská, Katarína
Format: Book Chapter
Language:Slovak
Subjects:
Tags: Add Tag
No Tags, Be the first to tag this record!

MARC

LEADER 00000naa$a2200000$$$4500
001 0057105
005 20230925074736.9
041 0 |a slo 
044 |a SK 
245 1 0 |a Sociálne zabezpečenie v Európskej únii  |b Fínsko  |c Katarína Neviďanská 
520 |a Rozvinutý drevársky priemysel vo Fínsku a s tým súvisiaca existencia priemyselného úrazového poistenia už od roku 1895. Systém rodinných prídavkov zavedený v roku 1948. Uskutočnenie národnej dôchodkovej reformy v roku 1956. Ekonomický rast Fínska v 80. rokoch 20. storočia. Poskytovanie národného (štátneho) dôchodku, nemocenských a úrazových dávok a podpory v nezamestnanosti. Zdravotné a sociálne služby obyvateľstvu. Domáca starostlivosť o deti, starších ľudí a invalidov. Výrazné zmeny v dôchodkovom poistení v 90. rokoch. Národný (štátny) dôchodok a dôchodky zo súkromných schém. Pokračovanie v nasledujúcom čísle. 
610 2 0 |a zabezpečenie sociálne 
610 2 0 |a politika sociálna 
610 2 0 |a reformy 
610 2 0 |a poistenie dôchodkové 
610 2 0 |a dôchodky starobné 
610 2 0 |a dávky dôchodkové 
610 2 0 |a dávky v materstve 
610 2 0 |a dávky sociálne 
610 2 0 |a starostlivosť zdravotná 
610 2 0 |a podpory v nezamestnanosti 
610 2 0 |a Fínsko 
100 1 |a Neviďanská, Katarína